000 01273nam a2200409Ia 4500
001 dia_2701
003 CHAP
005 20230502134721.0
008 220117s2013 xx 000 0 und d
010 _a176965
020 _a978-1-77085-200-6
040 _cCHAP
082 _a635 B64 2013
100 _aBiggs, Matthew
_9159810
245 _aVegetables, herbs & fruit : an illustrated encyclopedia /
_c Matthew Biggs, Jekka McVicar y Bob Flowerdew
260 _aEstados Unidos de América :
_b Firefly Books,
_c2013
300 _a640 p.
504 _aBibliografía: p. 626
590 _aSB320.9 B54 2013
650 _aCocinando
_9159811
650 _aCooking
_9159812
650 _aCultivos hortícolas
_9144889
650 _aFruit
_9156962
650 0 _aFrutas
_9150601
650 _aFruticultura
_943684
650 _aHerbs
_9149608
650 _aHierbas
_9149609
650 _aVegetable gardening 1Fruit
_xculture 1
_9159813
650 _aVegetables
_9151808
650 _aVegetales
_9151360
700 _aFlowerdew, Bob, coaut.
_9159814
700 _aMcVicar, Jekka, coaut.
_9159815
901 _a635 B64 2013
902 _aM
905 _a5232272013 -usd 8222223322eng16
942 _cLIBRO
_2ddc
999 _c176965
_d176965